000 00645nam a2200217Ia 4500
003 OSt
005 20220918214823.0
006 a|||||r|||| 00| 0
007 ta
008 220917b |||||||| |||| 00| 0 eng d
024 _a139,074
037 _cTextual
040 _aARTS
_cARTS
_beng
041 _2eng
_aeng
082 _aY:X:8:3:N3, G7
245 0 _aReport on the British social services
_b A survey of the existing public social services in Great Britain with proposals for future development
260 _aNA
_bNA
_c1937
650 _aSOCIOLOGY
942 _hY:X:8:3:N3, G7
_cTEXL
_2CC
999 _c262110
_d262110